Real algebraic surfaces

Saved in:
Bibliographic Details
Main Author: Silhol, Robert 1950-
Format: Book
Language:English
Published: Berlin : Springer-Verlag, c1989
Series:Lecture notes in mathematics (Springer-Verlag) ; 1392
Subjects:
Tags: Add Tag
No Tags, Be the first to tag this record!

MARC

LEADER 00000nam a2200000 i 4500
001 1/28895
008 941103s1989 eng d
020 |a 3-540-51563-1 
035 |a 1993  |l 10038189 
040 |a GR-MY-UA  |b gre  |e aacr 
041 0 |a eng 
082 0 |a 516.35 
100 1 |a Silhol, Robert  |d 1950- 
245 1 0 |a Real algebraic surfaces /  |c Robert Silhol 
260 |a Berlin :   |b Springer-Verlag,   |c c1989 
300 |a x, 215 p.;  |c 25 cm. 
490 1 |a Lecture notes in mathematics (Springer-Verlag)  |v ; 1392 
500 |a Includes bibliography 
650 0 0 |a Surfaces, Algebraic. 
650 0 0 |a Algebraic varieties. 
830 0 |a Lecture notes in mathematics (Springer-Verlag)  |v ; 1392 
852 |a INST  |b SAMOS  |e 19941103  |h 516.35 SIL  |p 005300006861  |q 005300006861  |t BK  |y 0 
909 |a Σ  |b 029214